Gajary

Bibliographic Details
Main Author: Hallon, Pavol, 1925-2004 (Author)
Format: Book
Language:Slovak
PhysicalDescription:239 s., [18] s. fareb. obr. príl. Fotogr., noty 23 cm
Published: Gajary [Obecný úrad] [1996]
ISBN:8096738852
Subjects:

MARC

LEADER 00000nam a2200000 a 4500
001 vtls001226763
003 SK-MaSNL
005 20260301105530.0
008 240314s1996 xo ga r 0yy0 slo
015 |a SNBA1996/0702028 
020 |a 8096738852 
035 |a SNK000173765 
040 |a SNK  |b slo  |c SNK  |e AACR2 
041 0 |a slo 
044 |a xo  |c SK 
080 |a 943.761.3-22  |2 1981 
100 1 |a Hallon, Pavol,  |d 1925-2004  |4 aut  |9 40814 
245 1 0 |a Gajary  |c Pavol Hallon 
260 |a Gajary  |b [Obecný úrad]  |c [1996] 
300 |a 239 s., [18] s. fareb. obr. príl.  |b Fotogr., noty  |c 23 cm 
504 |a Bibliogr. s. 223-225. Res. nem. 
651 7 |a 5201  |2 SNK  |9 277970 
651 7 |a Gajary (Slovensko)  |2 SNK  |9 79191 
655 7 |a jubilejné publikácie  |2 SNK  |9 70339 
919 |a 80-967388-5-2 
958 |a TL 
958 |a NB 
958 |a OND 
999 |c 701109  |d 703039 
952 |t P60, <09>, [BOOK], {629}  |a SNK  |b SNK  |y NEVYP  |7 0  |o snkC 820  |i snk1540/960425  |0 0  |1 0  |4 0  |d 1996-04-24  |l 0  |r 2005-01-01 00:00:00  |w 2026-02-23 
952 |t P60, <03>, [BOOK], {603}  |a SNK  |b SNK  |y PREZ  |7 0  |p 17A0003341  |o snkSC 90420  |i snkKSP 3845/96  |0 0  |1 0  |4 0  |d 1996-04-24  |f 1  |l 0  |r 2025-09-09 00:00:00  |w 2026-02-23 
952 |t P60, <04>, [BOOK], {604}  |a SNK  |b SNK  |y VYP  |7 0  |p 17A0003342  |o snkSC 90420 D1  |i snkKSP 3846/96  |0 0  |1 0  |4 0  |d 1996-04-24  |l 0  |r 2005-01-01 00:00:00  |w 2026-02-23